00483nam a2200169Ia 4500008004100000020001500041082000800056100001900064245003600083260002700119300001200146500002400158650001200182942000700194952009700201999001500298230524s9999 xx 000 0 und d a8122411746 bXAV aC.Xavier92838 0aC.Language and Numerical Method aCALCUTTAbNewagec1999 aXII;553 aQuantity Number: 1 aComp-Sc cBK 00104070aTATCLbTATCLcGENd2023-05-24l0o XAVp4322r2023-05-24w2023-05-24yBKzBE2106 c4832d4832